01013nam a22002537a 4500999001300000003000900013008004100022020001500063040007100078082001800149100002600167245002600193260006100219300002800280505017600308650002600484650002100510650003600531650002600567650003200593942001600625945002000641952009800661 c315d315AR-CdUCM190222b ||||| |||| 00| 0 spa d a9681615999 aMUNICIPALIDAD PROVINCIAL DEL CUSCOcBIBLIOTECA MUNICIPAL DEL CUSCO a869.15 /bY39 aYáñez, Agustín aLa Tierra Pródiga / aMéxico, D.F : bFondo de Cultura Económica, c1984.  a315 paginas ; c21 cm.  aRueda de fieras -- Los nombres ilusionados -- La dura realidad -- El ultimo de los males, la esperanza -- Los hombres, las máquinas, las mujeres -- La flor al blanco ... aNovela Mexicana 9860 aFecundidad91281 aHistoria de la Conquista 91282 aConquistadores 91283 aPersonajes Violentos 91284 2ddccLIBROS aacvd2019-02-22 002ddc4070aSHbSHcCARTd2019-02-22g20.00o869.15 / Y39pSH0000000415r2019-02-22yLIBROS